| 000 | 00905nas a2200289 4500 | ||
|---|---|---|---|
| 001 | BR9703145 | ||
| 003 | BR-BrBNA | ||
| 005 | 20231205100304.0 | ||
| 007 | ta | ||
| 008 | 230509b bl.|||p| |||| 00| 00por d | ||
| 040 |
_aBR-BrBNA _bpor _cBiblioteca Nacional de Agricultura |
||
| 041 | _a(Pt) | ||
| 072 | _aE70 | ||
| 100 | 1 | _aOlortegui, J.A.C. | |
| 100 | 1 | _aSalazar, G.T. | |
| 100 | 1 | _aReis, R.P. | |
| 100 | 1 | _aReis, A.J. dos | |
| 100 | 1 | _aGoncalves, W.M. | |
| 245 | 1 | _aA bolsa de mercadorias de Minas Gerais (Minasbolsa)e sua interacao com o seu ambiente externo: um estudo de caso | |
| 650 | _aBolsa de Mercadorias | ||
| 650 | _aComercializacao | ||
| 650 | _aPlanejamento | ||
| 650 | _aMinas Gerais | ||
| 773 | 0 |
_tCadernos de Administracao Rural (Brazil) _xISSN 0103-412X _g(Jan-Jun 1996), v. 8(1) p. 12-22 _wBR9703145 |
|
| 909 |
_a202311 _bLúcia _c55 _dLúcia Elande |
||
| 942 |
_2AGRIS _n0 _cANA |
||
| 999 |
_c155170 _d155170 |
||